<?xml version="1.0" encoding="UTF-8"?>
<marc:record xmlns:marc="http://www.loc.gov/MARC21/slim">
   <marc:leader>00000nam a2200000 a 4500</marc:leader>
   <marc:datafield ind1="1" ind2=" " tag="100">
      <marc:subfield code="a">Downer, John</marc:subfield>
      <marc:subfield code="4">aut</marc:subfield>
      <marc:subfield code="e">Verfasser/-in</marc:subfield>
   </marc:datafield>
   <marc:datafield ind1=" " ind2=" " tag="653">
      <marc:subfield code="a">Tiere</marc:subfield>
   </marc:datafield>
   <marc:datafield ind1=" " ind2=" " tag="653">
      <marc:subfield code="a">Bildband</marc:subfield>
   </marc:datafield>
   <marc:datafield ind1=" " ind2=" " tag="653">
      <marc:subfield code="a">Verhalten</marc:subfield>
   </marc:datafield>
   <marc:datafield ind1=" " ind2=" " tag="653">
      <marc:subfield code="a">Verhaltensforschung</marc:subfield>
   </marc:datafield>
   <marc:datafield ind1="0" ind2="0" tag="245">
      <marc:subfield code="a">Fantastisches Tierreich</marc:subfield>
   </marc:datafield>
   <marc:datafield ind1="0" ind2="0" tag="245">
      <marc:subfield code="b">zwischen Legende und Wirklichkeit</marc:subfield>
   </marc:datafield>
   <marc:datafield ind1=" " ind2="1" tag="264">
      <marc:subfield code="b">vgs</marc:subfield>
      <marc:subfield code="c">2002</marc:subfield>
   </marc:datafield>
   <marc:datafield ind1="1" ind2=" " tag="520">
      <marc:subfield code="a">Quelle: bn.bibliotheksnachrichten (http://www.biblio.at/literatur/bn/index.html);  Autor: Karl Heinz;  Das Buch - entstanden aus einer BBC-Serie - zeigt eine Fülle von tierischen Verhaltensweisen, die den meisten Lesern unbekannt ist. (NN)  Die Zoologie hat das Einhorn entzaubert. Sie ist es aber auch, die durch genaues Beobachten und Forschen die verschiedensten tierischen Verhaltensweisen entdeckt hat. Die sechs Kapitel (Bewegung, Brüten, Ernährung, Verteidigung, Gefährten, Heilmittel) bringen eine überaus gelungene und reichhaltige Sammlung dieser Erkenntnisse in Bild und Wort. Großartige Fotos und ein fesselnder, gut verständlicher (aber nicht sensationslüsterner) Text. - Bestens zu empfehlen.</marc:subfield>
   </marc:datafield>
   <marc:datafield ind1="3" ind2=" " tag="024">
      <marc:subfield code="a">9783802514807</marc:subfield>
   </marc:datafield>
</marc:record>
